[Event "Capablanca Memorial Elite 33rd"]
[Site "Havana"]
[Date "1998.05.17"]
[Round "8"]
[White "Borges Matos, Juan R"]
[Black "Huebner, Robert"]
[Result "1/2-1/2"]
[WhiteElo "2480"]
[BlackElo "2560"]
[Annotator "Avrukh,B"]
[PlyCount "97"]
[EventDate "1998.05.07"]
[EventType "tourn"]
[EventRounds "11"]
[EventCountry "CUB"]
[EventCategory "12"]
[SourceTitle "CBM 065"]
[Source "ChessBase"]
[SourceDate "1998.08.06"]
[SourceVersion "1"]
[SourceVersionDate "1998.08.06"]
[SourceQuality "1"]

{[%mdl 124]} 1. d4 Nf6 2. c4 e6 3. Nf3 b6 4. g3 Ba6 5. Qa4 Bb7 6. Bg2 c5 7.
dxc5 bxc5 (7... Bxc5) 8. Nc3 Be7 9. O-O O-O 10. Rd1 Qb6 11. Bf4 Rd8 12. Rd2 Bc6
$6 $146 (12... d5 13. cxd5 exd5 14. e3 (14. Qc2 $6 Na6 {[%cal Ga6b4]} 15. a3 h6
16. Be5 d4 17. Na4 Qb5 18. b4 $2 cxb4 19. Nxd4 Rxd4 $1 20. Rxd4 Bxg2 21. Kxg2
Qxe5 $17 {Olafsson,H-Bareev,E Hastings 1990}) (14. Ne5 $1 Na6 15. Rad1 Qe6 (
15... Nc7 $2 {[%csl Rc7]} 16. Qb3 (16. e4 $1 Qe6 (16... d4 $140 17. Nc4 Qa6 18.
Bxc7 dxc3 19. Qxa6 Bxa6 20. Bxd8 $18) 17. Ng6 $1) 16... Rac8 (16... Qxb3 17.
axb3 Bd6 18. Nd3 Ne6 19. Bxd6 Rxd6 20. b4 $1) 17. Qxb6 axb6 18. Nc4 dxc4 19.
Bxb7 Rxd2 20. Rxd2 Rd8 21. Rxd8+ Bxd8 22. Bxc7 Bxc7 23. Ba6 Be5 24. Na4 $16 {
Skembris,S-Arabatzis,M/Ano Liosia Open, Athens GRE 1998/1-0 (51)}) 16. Nc4 Nb4
17. a3 (17. Na5 $5) 17... Bc6 18. Qa5 d4 19. axb4 Bxg2 20. Kxg2 cxb4 $10 {
Tukmakov,V-Aseev,K USSR(ch) 48/(693) 1989}) 14... Na6 (14... Nc6 15. Ne5 g5 $5
(15... Nxe5 16. Bxe5 Qe6 17. Bxf6 Bxf6 18. Rad1 (18. Qa3) 18... Bc6 19. Qa6 {
and white's presure very unpleasant.}) 16. Nxf7 (16. Nxd5 Nxd5 17. Rxd5 gxf4
18. Nxc6 (18. Rxd8+ Nxd8 19. Qe8+ Bf8 20. Nd7 Ne6 21. Qxa8 Bxa8 22. Nxb6 Bxg2
23. Kxg2 axb6 24. gxf4 $11) 18... Bxc6 19. Qxc6 Qxc6 20. Rxd8+ Rxd8 21. Bxc6
fxe3 22. fxe3 Rd2 $11) 16... Kxf7 17. Bxg5 Nb4 18. a3 d4 19. axb4 dxc3 20. Rxd8
cxb2 $2 (20... Rxd8 21. bxc3 Bxg2 22. Kxg2 Qb7+ 23. Kg1 cxb4 24. cxb4 Rd2 $11)
21. Rxa8 Bxg2 22. Rxa7 $18 {1-0 Ikonnikov,V-Jurek,J/Schwaebisch Gmuend op 1997
(41)}) 15. Rad1 h6 16. h4 (16. Be5 Nb4 {/\Bc6}) 16... Rac8 $10 {0-1 Sturua,
Z-Arkhipov,S/Moscow Alekhine op 1992 (38)} (16... Nb4 17. Ne5 $13)) 13. Qc2 (
13. Qb3 $1 Na6 (13... d6 14. Rad1 Qxb3 15. axb3 Ne8 16. Nb5 $1 Bxb5 17. cxb5
Nd7 18. b4 $1 d5 (18... cxb4 $2 19. Nd4 $16) 19. e4 Nef6 20. Nh4 $36) 14. Qxb6
(14. Rad1 $140 Qxb3 15. axb3 Nb4 $11) 14... axb6 15. Rad1 {[%cal Gf3e5]} Rdc8
16. e4 $1 (16. a3 $5) 16... Nxe4 17. Nxe4 Bxe4 18. Rxd7 Rd8 19. Ne5 Bxg2 20.
Kxg2 $16 {[%csl Ra6]}) 13... Qb7 14. Rad1 (14. Qb3 $1 {see13 Qb3}) 14... h6 (
14... Ne4 $2 15. Nxe4 Bxe4 16. Ng5 $1 Bxc2 17. Bxb7 Bxd1 18. Rxd1 Nc6 19. Bxa8
Rxa8 20. Rxd7) (14... Na6 $5) 15. Bd6 (15. Qb3 $5) 15... Bxd6 16. Rxd6 Na6 {
[%cal Ga6c7,Gc7e8] now white could to understand, that d6-square is not so
important and black has a normal play.} 17. Ne1 Bxg2 18. Nxg2 Rab8 19. Ne1 (19.
b3 Nb4 (19... Nc7 20. Nf4 (20. e4 e5 $1 {[%cal Gc7e6,Ge6d4]}) 20... Nce8 21.
R6d3 $14) 20. Qc1 (20. Qd2 Nc6 {[%csl Rd6][%cal Gc6d4]}) 20... Nc6 21. Qa3 (21.
R6d2 Nd4 22. Ne1 $11 {[%cal Ge1c2]}) 21... Ne8 22. R6d2 d6 23. Nb5 Qe7 $11 24.
Nxd6 $140 $2 Nxd6 25. Qxc5 Ne4 26. Qxe7 Rxd2 $19) 19... Nc7 (19... Nb4 20. Qa4)
20. b3 Nce8 21. R6d2 d5 22. cxd5 exd5 23. Qf5 (23. Na4 Rdc8 24. Nxc5 $2 Qe7 $17
{[%cal Gf6e4]}) 23... Nc7 $11 (23... d4 $2 24. Qxc5 Rbc8 25. Qa5 $18) (23...
Qe7 $2 {[%cal Ge7e6]} 24. Nxd5 Nxd5 25. Rxd5 Rxd5 26. Rxd5 Qxe2 27. Qe5 $1 $16)
24. e4 (24. Nd3 Ne6) 24... d4 25. e5 (25. f3 Ne6 26. Ne2 {[%cal Ge1d3]} Ne8 $1
27. Nd3 Nd6 28. Qd5 Qxd5 29. exd5 Ng5 $36 {[%csl Re3][%cal Gc5c4]}) 25... Nfd5
26. Ne4 Ne6 27. Rc1 (27. Nd3 Qe7 (27... Nc3 $140 $2 28. Ndxc5 Nxc5 29. Nxc3 $1
$16) 28. Rc1 Rdc8 $11) 27... Nc3 28. Nd6 (28. Nxc3 $6 dxc3 29. Rxd8+ Rxd8 30.
Rxc3 Rd2 (30... Rd1 31. Re3) 31. Qf3 Qxf3 32. Nxf3 Rxa2 $15) 28... Qe7 29. h4 (
29. Nd3 $142 a5 (29... g6 30. Qh3 Ng5 31. Qg2) 30. f4 a4 31. bxa4 Ra8 32. Qg4
Kh7 (32... Rxa4 $2 33. Nf5 $16) 33. Qf5+ (33. f5 Qg5 $1) 33... Kg8 34. Qg4 $11)
29... f6 (29... a5 $5 {[%cal Ga5a4]}) 30. Nc4 (30. exf6 Qxf6 (30... Qxd6 $2 31.
f7+ Kf8 32. Rxc3 $16) 31. Qxf6 gxf6 32. Nf5 Kh7 (32... h5 $2 33. Ne7+ Kf7 34.
Nc6 $18) 33. Nd3 $11) 30... fxe5 31. Qxe5 (31. Nxe5 Rf8 32. Qg4 Qd6 33. N1d3
Rbe8 34. Re1 Nc7 $11) 31... Rbc8 {[%cal Gd8d5]} (31... Rxb3 $5 32. axb3 Rd5 33.
Qb8+ Rd8 $11) 32. Nd3 Rd5 33. Qe1 Qf6 34. Qf1 {[%cal Gf1g2,Gc1e1]} Qf5 35. Qg2
Re8 36. Re1 Nc7 $1 37. Rxe8+ Nxe8 38. Nf4 Rd8 39. Qb7 Nf6 40. Qxa7 Nfe4 (40...
Nce4 41. Rb2 $1 (41. Qb6 Re8 42. Re2 g5 $1 $40) 41... d3 42. Qc7 Rd4 43. Ne3
Qd7 44. Qxd7 Nxd7 45. Kf1 $16) 41. Qb6 $2 $138 (41. Qe7 $142 Ra8 42. Rb2 Rxa2
43. Rxa2 Nxa2 $11) 41... Rf8 $2 $138 (41... Re8 $1 42. Rb2 d3 $1 43. Nxd3 (43.
Qc6 Rd8 44. Qb6 (44. Ne3 Qf7) 44... Rd4 {and d-pawn is very dangerous for
white.}) 43... Nxg3 $40) 42. Rb2 Nd1 (42... d3 43. Nxd3 Nxg3 44. fxg3 Qxd3 45.
Qe6+ Kh7 46. Qe1 Ne4 47. Rg2 $14) 43. Re2 d3 44. Nxd3 Qg4 45. Nf4 Rxf4 (45...
Ndc3 $143 46. Rxe4 $1 (46. Re1 Rxf4 47. Ne5 Ne2+ 48. Rxe2 Qxe2 49. Qe6+ {
with perpetual check.}) 46... Nxe4 47. Ne5 Qf5 48. Neg6 Re8 49. Qc6 Qf7 (49...
Nf6 $2 50. Qxe8+ $1 Nxe8 51. Ne7+ $18) 50. a4 (50. Kg2 $5) 50... Nd2 51. a5
Nxb3 52. a6 Kh7 $140 $2 (52... Rd8 $13) 53. a7 Re1+ 54. Kg2 Qxa7 55. Qc8 $18)
46. Ne5 Qxe2 47. Qe6+ Kh7 48. Qg6+ Kg8 49. Qe6+ 1/2-1/2

[Event "Capablanca Memorial Elite 33rd"]
[Site "Havana"]
[Date "1998.05.20"]
[Round "10"]
[White "Morovic Fernandez, Ivan"]
[Black "Agdestein, Simen"]
[Result "1/2-1/2"]
[WhiteElo "2600"]
[BlackElo "2570"]
[Annotator "Avrukh,B"]
[PlyCount "136"]
[EventDate "1998.05.07"]
[EventType "tourn"]
[EventRounds "11"]
[EventCountry "CUB"]
[EventCategory "12"]
[SourceTitle "CBM 065"]
[Source "ChessBase"]
[SourceDate "1998.08.06"]
[SourceVersion "1"]
[SourceVersionDate "1998.08.06"]
[SourceQuality "1"]

{[%mdl 12380]} 1. d4 Nf6 2. c4 e6 3. Nf3 b6 4. g3 Ba6 5. Nbd2 Bb4 6. Qc2 Bb7 7.
Bg2 Be4 8. Qb3 Bxd2+ 9. Bxd2 h6 (9... O-O 10. O-O d6 (10... Nc6 $5 11. Rfd1 h6
(11... Bxf3 $2 12. Qxf3 Nxd4 13. Qxa8 Qxa8 14. Bxa8 Rxa8 15. Bg5 $16) 12. Qe3
Re8 13. Ne5 (13. Bc3 d5 14. b3 Ne7 $132) (13. b4 $5 d5 14. Ne5 Ne7 15. f3 Bh7
16. Rac1 $14) 13... Bxg2 (13... Nxe5 14. dxe5 Bxg2 15. exf6 Bc6 16. fxg7 $16)
14. Kxg2 Ne7 15. Qf3 d6 $11 {Ftacnik,L-Kortchnoi,V/Brno 1992/1/2-1/2 (67)}) 11.
Bg5 (11. Qa3 Nbd7 12. Rac1 Qe7 13. Rfd1 Rfe8 14. b4 e5 15. c5 dxc5 16. dxc5
bxc5 17. bxc5 h6 18. Ba5 Nb8 $1 19. Bc3 Nc6 $11 {Romanishin,O-Timman,J/Taxco
izt 1985/0-1 (74)}) (11. Rfe1 Nbd7 12. Rad1 a5 13. Bc1 a4 14. Qc3 Qb8 15. Nd2 (
15. Bh3 $5) 15... Bxg2 16. Kxg2 c5 17. e4 cxd4 18. Qxd4 e5 19. Qe3 Rc8 20. f3
h6 21. Qe2 Qc7 $11 {Van Wely,L-Adams,M/FIDE-Wch k.o. 1997/1/2-1/2 (92)}) (11.
Rfd1 Nbd7 (11... Qe7 12. Qe3 Nbd7 13. Bc3 Rfe8 14. Rac1 h6 15. b3 Rac8 16. Bh3
$14 {Karpov,An-Andersson,U/Reggio Emilia top-16/1991/}) 12. Bg5 Qc8 13. Bxf6
Nxf6 14. Nd2 Bxg2 15. Kxg2 c5 16. Qd3 cxd4 17. Qxd4 Rd8 18. e4 Qc6 19. Re1 b5
20. Rac1 bxc4 21. Rxc4 Qa6 22. Ra4 Qb7 23. Rc1 $14 {Gunawan,R-Timman,J/
Indonesia 1983/MCD-r8/1/2-1/2 (46)}) 11... Nbd7 12. Rad1 (12. Qe3 Qe8 $11 (
12... h6 $6 13. Qxe4 $1 Nxe4 14. Bxd8 Raxd8 15. Rfd1 $14) 13. Rfc1 (13. Nh4
Bxg2 14. Nxg2 h6 15. Bxf6 Nxf6 $11) 13... Bb7 14. Bxf6 Nxf6 15. h3 (15. b4 $1
Nd7 $140 16. c5 Nf6 17. a4 Nd5 18. Qd2 $36) 15... Nd7 16. Rc3 (16. b4 c5 17. a3
Qe7 $11) 16... h6 17. Ne5 $11 {1/2-1/2 Ftacnik,L-Timman,J/EU-chTM 1997 (27)})
12... h6 13. Bxf6 Nxf6 14. Ne1 Qe7 $6 (14... Bxg2 15. Nxg2 Qe7 $11) 15. f3 Bb7
16. e4 c5 17. d5 {with clear advantage for white. 1/2-1/2 Torre,E-Timman,J/
Brussels 1987 (41)}) (9... d6 10. O-O Nbd7 11. Nh4 Bxg2 12. Nxg2 c5 $6 (12...
O-O $142) 13. d5 e5 14. Rae1 Ne4 15. Bc1 f5 16. f3 Nef6 17. Qc2 g6 18. Bh6 $16
{Tuominen,R-Veingold,A/Turku 1996/1-0 (64)}) 10. O-O O-O 11. Rac1 d6 12. Rfd1
Nbd7 13. Qa3 a5 14. Bh3 (14. b3 $143 Qe7 15. Ne5 Bxg2 16. Kxg2 Nc5 17. Nf3 Nce4
18. Be1 Nh7 19. Qa4 f5 20. Qc6 Nhf6 21. Nd2 Qf7 22. f3 Nxd2 23. Bxd2 Qd7 24.
Qxd7 Nxd7 $11 {De Boer,G-Van der Wiel,J/NLD-ch 1988/0-1 (61)}) 14... Qe7 15.
Ne5 Rae8 16. Nxd7 Nxd7 17. Be3 {[%cal Gc4c5]} f5 $1 $146 (17... Bc6 $2 18. c5
bxc5 19. dxc5 d5 20. Qxa5 $16 {Piket,J-Bischoff,K/Hamburg SKA 1991/1-0 (61)})
18. f3 (18. d5 {[%csl Re4]} exd5 (18... e5 $2 19. f3 f4 20. fxe4 fxe3 21. Qxe3
$14) 19. cxd5 Ne5 $1 (19... Nf6 20. Bd4 Nh7 21. Qc3 Rf7 $11) 20. f3 $140 $2 Bd3
$1 $17) 18... Bb7 19. c5 Nf6 20. Bd2 {[%cal Gb2b4]} g5 (20... Nd5 $142 21. c6 (
21. Qb3 Qf7 $1 (21... Rb8 22. e4 $16 {[%csl Re6]})) 21... Ba6 22. e4 fxe4 23.
fxe4 Nf6 24. e5 dxe5 (24... Ne4 $143 25. exd6 cxd6 26. Bf4 g5 27. Re1 $16) 25.
Qxe7 Rxe7 26. dxe5 Nd5 $11) 21. Bg2 (21. b4 Ra8 22. bxa5 bxa5 $13) 21... Kg7 (
21... Nd5 22. e4 fxe4 23. fxe4 Nf6 24. e5 $1 Bxg2 25. exf6 Qxf6 26. Kxg2 Qf2+
27. Kh1 $18) 22. b4 Nd5 $2 (22... Ra8 23. bxa5 bxa5 $13) 23. bxa5 f4 (23...
bxa5 $2 24. e4 fxe4 25. fxe4 Nf6 26. e5 $1 Bxg2 27. exf6+ Qxf6 28. Kxg2 Qf2+
29. Kh1 $18) 24. axb6 Ra8 (24... cxb6 25. cxd6 Qd7 26. Bb4 Ra8 27. Qb3 $16) 25.
Qb2 cxb6 26. Bb4 $16 (26. cxb6 Ra6 $44) 26... Nxb4 27. Qxb4 bxc5 (27... dxc5
28. dxc5 bxc5 29. Rxc5 (29. Qxc5 Qxc5+ 30. Rxc5 Bd5 $11) 29... Rfd8 (29... Rxa2
30. Qc3+ $18 {[%cal Gc5c7]}) 30. Rxd8 Rxd8 31. Qc3+ $16) 28. dxc5 d5 29. Qb2+
Kg8 30. c6 (30. Bh3 $5 Ra6 31. Qe5 $16) 30... Bc8 31. Rd2 $2 (31. gxf4 Rxf4) (
31. c7 $1 Qd6 32. Qc2 Rf6 (32... e5 33. Qc6 Qxc6 34. Rxc6 Rxa2 35. Rxd5 $18)
33. gxf4 Qxf4 34. Qc6 $18) 31... Qa7+ 32. Kf1 Qc7 $1 $44 33. Qc2 Rf6 34. Qc3
Rf7 35. g4 $2 {[%csl Rg2]} (35. gxf4 Rxf4 $44) 35... Ba6 36. Qc2 Kg7 37. Rb1
Rc8 38. Qc3+ Kg8 39. Qc2 Rg7 (39... Kg7 $11) 40. Qc3 Qxc6 41. Qf6 Kh7 42. Rdb2
$1 Qd6 43. h4 d4 {[%cal Gd4d3]} 44. Rb6 (44. hxg5 hxg5 45. Kg1 $1 (45. Rb6 Rc1+
46. Rxc1 Qxb6 47. Qe5 d3 48. Qe4+ Kh6 (48... Kh8 49. exd3 Rd7 50. Qe5+) 49.
exd3 Rd7 $19) 45... Rf8 (45... Rc6 $142 $15 {[%csl Rg2]}) 46. Rb6 Qxb6 47.
Qxg7+ Kxg7 48. Rxb6 Bxe2 49. Rxe6 d3 50. Bf1 Bxf3 51. Bxd3 Bxg4 52. Rg6+ $11)
44... Rc1+ 45. Rxc1 (45. Kf2 Qc5 46. Rxc1 Qxb6 $17 {[%cal Gd4d3]}) 45... Qxb6
46. Qe5 (46. hxg5 d3 $1 $19) 46... d3 47. Qe4+ Kh8 48. exd3 Rd7 49. Qe5+ (49.
Rd1 Bxd3+ 50. Rxd3 Qb1+ 51. Kf2 Qxd3 {and black wins.}) 49... Kg8 50. Qc5 Qxc5
51. Rxc5 gxh4 52. Kf2 $2 (52. g5 Bxd3+ 53. Kf2 Bf5 $1 $17) (52. Kg1 $1 Kf7 (
52... Rxd3 53. Rc6 $11) 53. Rh5 Kg6 54. Bf1 $11) 52... Rxd3 53. Rc6 (53. a4 Ra3
54. Rc6 h3) 53... h3 $1 54. Rxa6 (54. Bxh3 Bb7 55. Rc7 Rxf3+ 56. Ke2 Bd5 $19)
54... Rd2+ 55. Kf1 Rd1+ 56. Kf2 Rd2+ 57. Kf1 hxg2+ 58. Kg1 Re2 (58... Kf7 59.
Ra5 {[%cal Ga5h5]} Re2 60. Rh5 Rxa2 61. Rxh6 e5 62. Rh2 e4 63. Rxg2 Ra1+ 64.
Kf2 e3+ 65. Ke2 Ke6 66. Kd3 Kd5 67. Rb2 (67. g5 Ra3+ 68. Ke2 Ra2+ 69. Kf1 Rxg2
70. Kxg2 Ke5 $19) 67... Rf1 $19) 59. a4 Kf7 $2 (59... e5 $1 60. Rf6 (60. Rxh6
$2 e4 61. Rh3 e3 $19) 60... Kg7 61. Rf5 Kg6 62. a5 (62. Rf8 Kg5 {[%cal Gg5h4,
Gh4g3]} 63. a5 Kh4 64. Kh2 g1=Q+ $1 65. Kxg1 Kg3 66. Kf1 Ra2 67. Rf5 Kxf3 68.
Rxe5 Ra1+ 69. Re1 Rxa5 $19) 62... h5 $1 63. Rxh5 e4 $19) 60. a5 e5 61. Rb6 Ke7
$1 (61... e4 $2 62. Rb4 $1) 62. Rb4 (62. a6 e4 63. a7 exf3 $19) 62... Ra2 63.
a6 Rxa6 64. Kxg2 Kd6 65. Rb8 Kc5 66. Kf2 (66. Rd8 Kc4 (66... Rd6 67. Rc8+ Kd4
68. Kf2) 67. Kf2 Ra2+ 68. Ke1 $11) 66... Ra4 67. Ke1 $4 (67. Ke2 Kc4 (67...
Ra2+ 68. Kd3 Ra3+ 69. Ke4 Re3+ 70. Kf5 Rxf3 71. Kxe5 Rf1 72. Rc8+ $11) 68. Rc8+
Kd4 69. Rd8+ Kc3 70. Rd5 $11) 67... Kd4 68. Rd8+ Ke3 {...} 1/2-1/2

[Event "Dos Hermanas"]
[Site "Dos Hermanas"]
[Date "1997.04.09"]
[Round "7"]
[White "Topalov, Veselin"]
[Black "Illescas Cordoba, Miguel"]
[Result "1-0"]
[WhiteElo "2725"]
[BlackElo "2635"]
[Annotator "Avrukh,B"]
[PlyCount "79"]
[EventDate "1997.04.01"]
[EventType "tourn"]
[EventRounds "9"]
[EventCountry "ESP"]
[EventCategory "19"]
[SourceTitle "CBM 059"]
[Source "ChessBase"]
[SourceDate "1997.08.01"]
[SourceVersion "1"]
[SourceVersionDate "1997.08.01"]
[SourceQuality "1"]

1. d4 Nf6 2. c4 e6 3. Nf3 b6 4. g3 Ba6 5. b3 Bb7 6. Bg2 Bb4+ 7. Bd2 a5 8. O-O
O-O 9. Qc2 {another popular line is 9Nc3.} Bxd2 {Relatively a new
interpretation in this position.} (9... Re8 10. Nc3 d6 11. Rfe1 Bxc3 12. Bxc3
Be4 13. Qb2 Nbd7 14. Bf1 d5 15. Ne5 Nxe5 16. dxe5 Nd7 17. f3 Bg6 18. cxd5 exd5
19. Rad1 c6 20. e4 dxe4 21. Bh3 Ra7 22. f4 f5 23. exf6 $16 {1-0 Oll-Nikolic/
32nd Chess Olympiad, Yerevan 1996 (25)}) (9... Qe7 10. Nc3 h6 11. a3 $2 Bxa3
12. e4 Bb4 13. e5 Nh7 14. Ng5 Nxg5 15. Bxb7 Nc6 $1 16. Bxc6 dxc6 17. Bxg5 Qxg5
18. Ne4 Qf5 19. Qe2 Rfd8 $17 {0-1 Cativelli,G-Markeluk,S/Buenos Aires BCA op
1989 (29)}) (9... h6 $5 10. Nc3 Re8 11. a3 (11. Rfe1 d5 $10) 11... Bxc3 (11...
Bf8 12. e4 $16) 12. Bxc3 Be4 13. Qd1 (13. Qb2 a4 14. b4 d5 $15) 13... d5 (13...
a4 14. bxa4 d5 15. cxd5 Qxd5 16. a5 $1 $14) 14. Rc1 Nbd7 15. Re1 (15. Bh3 $6
dxc4 16. bxc4 Bxf3 17. exf3 e5 $1) 15... Qc8 16. Bf1 Qb7 (16... Bxf3 17. exf3
$14 {/\ f4, Bg2}) 17. Nd2 Bh7 18. Bb2 c6 19. e3 b5 $5 20. cxb5 (20. c5 a4 $15)
20... cxb5 21. Qe2 $1 Reb8 (21... Rab8 22. Bc3 $5) 22. f3 $14 {Karpov,A-Anand,
V/Tilburg 1991/1-0 (53)}) (9... Be4 10. Qb2 d5 11. a3 Bxd2 12. Nbxd2 Nbd7 13.
Rfd1 Qe7 14. Rac1 c6 15. Nxe4 Nxe4 16. cxd5 cxd5 17. Rc2 {1/2-1/2 Garcia
Ilundain,D-Gomez Esteban,J/Linares zt 1995}) 10. Nbxd2 d5 11. Rfd1 $146 (11.
cxd5 exd5 12. Ne5 Qe7 13. Ndc4 g6 14. Rac1 Na6 15. Qb2 Rac8 16. Rfd1 Ne8 17.
Ne3 c6 18. a3 Nd6 19. Rd2 Kg7 20. Rdc2 Nb8 21. a4 f6 22. Nd3 Rce8 23. b4 axb4
24. Qxb4 $16 {1-0 Beliavsky-Ahmed/32nd Chess Olympiad, Yerevan 1996 (33)})
11... Na6 12. cxd5 exd5 13. Nf1 {[%cal Gf1e3]} (13. Rac1 Re8 14. Ne5 c5 15.
Ndf3 Ne4 $11) (13. Ne5 Re8 {with next c5}) 13... Ne4 (13... c5 14. Ne3 $14 {
[%csl Gd5]}) 14. Ne5 (14. Rac1 Qf6 15. e3 c5 16. Ne5 Rfc8 17. Qb2 cxd4 18. exd4
b5 $132 {[%cal Gb5b4,Ge4c3]}) 14... Qe7 $6 (14... Nb4 $142 15. Qb2 f6 16. Nf3
$14) 15. Bxe4 $1 {Unusual, positional decision, but very strong.} dxe4 16. a3
$1 {[%csl Ga6]} c5 {[%csl Gb6]} (16... Rad8 17. Nc6 Bxc6 18. Qxc6 Nb8 19. Qb7
$1 $16 {[%csl Gb8,Gc7]}) 17. Nc4 Rad8 (17... cxd4 $142 18. Rxd4 (18. Nxb6 $2
Rad8 $17) 18... Rad8 19. Rad1 Rxd4 20. Rxd4 Qc7 (20... Rd8 21. Qd2 Rxd4 22.
Qxd4 Nc5 23. b4) 21. Nfe3 Nc5 22. Qd1 $14) 18. d5 b5 (18... Rxd5 $143 19. Nxb6
Rxd1 20. Rxd1 Rd8 21. Ne3 $16 {[%csl Ga5,Gc5]}) 19. d6 Qe6 20. Nxa5 Ba8 (20...
Bd5 21. Ne3 Rxd6 22. a4) 21. a4 bxa4 22. bxa4 Rxd6 23. Rxd6 Qxd6 24. Rd1 Qc7 (
24... Qe6 25. Ne3 $16) 25. Qc3 Rd8 (25... Nb4 26. Nb3 Rc8 27. Qxc5) 26. Rxd8+
Qxd8 27. Nb3 h6 28. Ne3 $16 {it's difficult to believe , but black's position
is very hard.The white's piecies more active , than their opponents, as well ,
as a pawn more dangerous,than black's one,at the same time black has no active
play and white can gradually to intesify their position.} Qc8 29. h4 h5 30. a5
g6 31. Qf6 Qc6 (31... c4 $2 32. Qc3 $18) (31... Qb7 32. Nd2) 32. Qd8+ Kg7 33.
Nd2 Nc7 34. Ndc4 Ne6 35. Qb8 Qa6 (35... Nd4 36. Kf1 Bb7 {[%cal Gb7a6]} 37. Qe5+
Kg8 38. Nd6 Ba6 39. Qe7 {with decisive attack.}) 36. Nd6 $2 {i think the time
trouble mistake.} (36. Qb6 Qxb6 (36... Bb7 37. Nd6 $18) 37. axb6 Kf6 38. Na5
Nd8 39. Kf1 Ke6 40. Ke1 Kd6 41. Kd2 Bb7 42. Ng2 Ba6 $11) (36. Qd6 Qxd6 37. Nxd6
Nc7 {not so clear.}) (36. Nb6 Bc6) (36. Qe8 Bc6 37. Qe7 Qb7 38. Qd6 Bb5 $11) (
36. Qe5+ $1 {was the right way.} Kg8 (36... f6 37. Qb8 {and black has no
chances to hold position.}) 37. Qf6 {[%csl Gf7][%cal Gc4e5]}) 36... Bc6 $2 (
36... Qxa5 37. Qe8 (37. Ne8+ Kh7 38. Nf6+ Kg7 39. Ne8+ Kh7 40. Qe5 Qe1+ 41. Kg2
Qxe2 42. Nf6+ Kh6 43. Ng8+ Kh7 $11) 37... Qa7 38. Nxf7 Qxf7 39. Qxa8 Nd4 40.
Qxe4 Nxe2+ 41. Kg2 Nd4 {and it must be draw.}) 37. Qb6 Qa8 (37... Qxb6 38. axb6
Nd8 39. Nec4 $18 {[%cal Gc4a5]}) 38. a6 Nd4 39. Kf1 Ne6 40. a7 {Fantastic
domination of white piecies,of course black hopeless against 41Qb8 with next
Ne3-c4-a5-b7. We are not often see , such a positional games of Veselin,
usually his games full of tactics and complicated variations;no wonder , that
he considered one of the best players of the world.} 1-0

[Event "USA-ch GpA"]
[Site "San Diego"]
[Date "2006.03.11"]
[Round "9"]
[White "Akobian, Varuzhan"]
[Black "Ibragimov, Ildar"]
[Result "0-1"]
[WhiteElo "2600"]
[BlackElo "2635"]
[Annotator "Avrukh,B"]
[PlyCount "76"]
[EventDate "2006.03.02"]
[EventType "swiss"]
[EventRounds "9"]
[EventCountry "USA"]
[SourceTitle "CBM 112"]
[Source "ChessBase"]
[SourceDate "2006.06.07"]
[SourceVersion "1"]
[SourceVersionDate "2006.06.07"]
[SourceQuality "1"]

1. d4 Nf6 2. c4 e6 3. Nf3 b6 4. g3 Ba6 5. b3 Bb7 6. Bg2 Bb4+ 7. Bd2 a5 {
Quite rare line, but it's not so bad for Black.} 8. O-O O-O 9. Bg5 a4 {
Securing the bishop on b4.} 10. Nbd2 (10. a3 $6 axb3 {[%cal Ga8a1]}) 10... h6
11. Bxf6 Qxf6 12. Qc2 Ra7 $5 {[%cal Gb8c6,Gf8a8,Ga4b3] Black is not looking
for simplifications. One of the ideas behind a move in the game is to fight
for the a-file by doubling the rooks and taking on b3.} (12... axb3 13. axb3
Rxa1 14. Rxa1 c5 15. Rd1 cxd4 16. Ne4 Qe7 17. Nxd4 d5 $6 18. cxd5 Rc8 19. d6
Bxd6 20. Qb1 Bb4 $11 {1-0 Adianto,U-Browne,W/San Francisco 1987/CBM 005 (41)})
(12... c5 13. Ne4 Qe7 14. dxc5 bxc5 15. Nc3 axb3 16. axb3 Rxa1 17. Rxa1 Qf6 18.
Rc1 Bxc3 19. Qxc3 Qxc3 20. Rxc3 Nc6 $15 {0-1 Gheorghiu,F-Huebner,R/Novi Sad
1990/TD (62)}) 13. e3 (13. bxa4 $6 {Of course taking on a4 can't be right.} Bc6
14. c5 bxc5 15. dxc5 Na6 16. Nb3 Bxa4 17. Qc4 d5 18. cxd6 cxd6 19. Nbd4 d5 $15
{0-1 Just,S-Szypulski,A/Porz 1989/EXT 97 (39)}) 13... Nc6 14. d5 {White has to
act fast in order to pose Black some problems.} Ne5 15. Nd4 c6 16. Ne4 Qe7 17.
dxc6 dxc6 18. Nc3 {Admitting that Black has managed to equalize. The only
attempt to fight for advantage was} (18. f4 Nd7 (18... Ng4 $6 {[%csl Rc6,Rg4]}
19. Qe2 f5 20. h3 c5 21. Nb5 Raa8 22. hxg4 fxe4 23. Qc2 $14 {[%csl Re4]}) 19.
Nf2 Rc8 20. Nd3 Bd6 21. Rad1 axb3 22. axb3 g6 $5 $13 {[%cal Ge6e5]}) 18... c5
19. Ndb5 Bxg2 20. Kxg2 Rd7 $6 {A risky attempt to play for a win. After} (20...
axb3 21. axb3 Rxa1 22. Rxa1 Qf6 23. Qe4 Ng6 24. Rc1 $11 {the position would
have remained equal.}) 21. Qe4 Qf6 22. Nxa4 g5 23. Rad1 $1 {Trading a pair of
rooks is the right decision because in some lines White's rook is hanging on
a1.} (23. Nxb6 Rd2 24. a3 Ba5 25. Na4 Nd3 26. Qf3 Rxf2+ 27. Rxf2 Qxa1 $44)
23... Rfd8 24. Nac3 $5 ({It seems that Black gets sufficient compensation after
} 24. Rxd7 Rxd7 25. Nxb6 Rd2 26. a3 Ba5 $1 (26... Nd3 27. Kg1 Nxf2 28. Qg2 $16)
27. Qa8+ Kh7 $1 (27... Kg7 $2 28. Qxa5 Qf3+ 29. Kg1 Qe4 30. Qc3 {[%cal Gc3g7]}
f6 31. f3 $18) 28. Qxa5 (28. Qe4+ $11) 28... Qf3+ 29. Kg1 Qe4 30. Qa8 Nf3+ 31.
Kh1 Qg4 $40 {[%csl Rh1][%cal Gg4h3]}) 24... Rd2 25. a3 Ba5 26. h3 Kg7 27. Rxd2
Rxd2 28. Na4 $6 {Throwing the advantage away. It was the right moment to
activate the knights:} (28. Nc7 $1 Kg8 29. Ne8 Qf5 30. Qa8 Qd3 31. Nd6+ Kh7 32.
Nce4 $16) 28... Nd3 29. Kg1 Qe5 (29... Nxf2 30. Qg2 Nd3 31. Qxd2 Bxd2 32. Rxf6
Kxf6 33. Nxb6 Bxe3+ 34. Kg2 Nc1 $11) 30. Qf3 $6 (30. Qxe5+ Nxe5 31. b4 cxb4 32.
axb4 Bxb4 33. Nxb6 $11) 30... Ra2 31. Na7 $4 {A blunder which costs White the
game.} (31. e4 $1 Ne1 32. Qe3 Nc2 33. Qe2 f5 $15) 31... Be1 $1 $19 {[%csl Rf2]}
32. Nc6 Qc7 33. g4 Bxf2+ 34. Kh1 Qg3 35. Qxg3 Bxg3 36. Nxb6 $2 (36. Nc3 Rxa3
37. Ne4 Bc7 $19) 36... Nf2+ 37. Kg1 Nxh3+ 38. Kh1 Rh2# 0-1